[Event "Open A Caen-Alekhine 2013"]
[Site "Caen"]
[Date "????.??.??"]
[Round "3.3"]
[White "Sadikhov, Ulvi"]
[Black "Jolly, Jean-Francois"]
[Result "1/2-1/2"]
[WhiteElo "2241"]
[BlackElo "2375"]
[PlyCount "44"]

1. e4 e5 2. Nf3 Nc6 3. Bc4 Nf6 4. d3 Be7 5. c3 O-O 6. Bb3 d6 7. Nbd2 Be6 8. Nf1
d5 9. Ng3 dxe4 10. dxe4 Qxd1+ 11. Kxd1 Rfd8+ 12. Ke2 Bxb3 13. axb3 a5 14. Bg5
Nd7 15. Bxe7 Nxe7 16. Rhd1 f6 17. b4 b6 18. Nf1 Kf7 19. Ra4 Rab8 20. bxa5 bxa5
21. Rxa5 Rxb2+ 22. Rd2 Rxd2+ 1/2-1/2

[Event "Open A Caen-Alekhine 2013"]
[Site "Caen"]
[Date "????.??.??"]
[Round "3.4"]
[White "Bruned, Yvain"]
[Black "Lepigoche, Cyril"]
[Result "1-0"]
[WhiteElo "2374"]
[BlackElo "2118"]
[PlyCount "63"]

1. e4 c5 2. Nf3 d6 3. d4 cxd4 4. Nxd4 Nf6 5. Nc3 g6 6. Be3 Bg7 7. f3 O-O 8. Bc4
Nc6 9. Qd2 Bd7 10. O-O-O Ne5 11. Bb3 Qa5 12. h4 Rfc8 13. Kb1 Nc4 14. Bxc4 Rxc4
15. Nb3 Qc7 16. Bd4 Be6 17. h5 a5 18. hxg6 hxg6 19. a4 b5 20. Nxb5 Qc8 21. Nc3
Rb4 22. Rh4 Rab8 23. Rdh1 Bxb3 24. cxb3 Rxb3 25. Nd5 Qc4 26. Bxf6 Rxb2+ 27.
Bxb2 Bxb2 28. Qxb2 Rxb2+ 29. Kxb2 Qd4+ 30. Kc1 f5 31. Rh8+ Kf7 32. R1h7+ 1-0

[Event "Open A Caen-Alekhine 2013"]
[Site "Caen"]
[Date "????.??.??"]
[Round "3.5"]
[White "Godart, Francois"]
[Black "Marchadour, Emilie"]
[Result "1-0"]
[WhiteElo "2364"]
[BlackElo "2056"]
[Annotator "CROUTTE,Stéphane"]
[PlyCount "39"]

1. d4 Nf6 2. c4 c5 3. d5 b5 4. cxb5 a6 5. bxa6 Bxa6 6. Nc3 d6 7. e4 Bxf1 8.
Kxf1 g6 9. Nf3 Nbd7 10. g3 Bg7 11. Kg2 O-O 12. a4 Ra7 13. Qe2 Qa8 14. Ra3 Rb8
15. b3 Rb4 16. Nd2 Ne8 17. Nb5 Rb7 18. Nc4 Nb6 19. Qc2 Nc7 $4 20. Nxb6 1-0

[Event "Open A Caen-Alekhine 2013"]
[Site "Caen"]
[Date "????.??.??"]
[Round "3.6"]
[White "Helie, Marc"]
[Black "Vuilleumier, Alexandre"]
[Result "0-1"]
[WhiteElo "2081"]
[BlackElo "2325"]
[PlyCount "188"]

1. e4 e5 2. Nf3 Nc6 3. Bb5 a6 4. Ba4 Nf6 5. O-O Be7 6. Re1 b5 7. Bb3 O-O 8. h3
Bb7 9. a4 d6 10. c3 Na5 11. Bc2 c5 12. d4 Qc7 13. d5 c4 14. Nbd2 Nd7 15. Nf1
Nc5 16. axb5 Nab3 17. b6 Qxb6 18. Ra3 Nxc1 19. Qxc1 f5 20. exf5 Bxd5 21. Ne3
Bf7 22. Ng4 Rab8 23. f6 Bxf6 24. Nxf6+ gxf6 25. Qh6 Nd3 26. Re3 Bg6 27. Nh4 Kf7
28. Nxg6 hxg6 29. Qh7+ Ke6 30. b3 Nf4 31. Bxg6 Nxg6 32. Qxg6 cxb3 33. Qb1 Qb5
34. c4 Qxc4 35. Raxb3 Rxb3 36. Rxb3 Rc8 37. Ra3 Rc5 38. Ra1 e4 39. Qd1 Rg5 40.
h4 Rg7 41. Ra4 Qd3 42. Qh5 Ke7 43. Rb4 Ke6 44. Qe8+ Re7 45. Qg8+ Kf5 46. Rb3
Qd1+ 47. Kh2 Qc1 48. Re3 Qc5 49. g3 d5 50. h5 Ke5 51. Qg6 Qc2 52. Kg1 Qb1+ 53.
Kg2 d4 54. f4+ Kd5 55. Qg8+ Re6 56. Qa8+ Kc5 57. Qc8+ Kd5 58. f5 Rc6 59. Qg8+
Ke5 60. Qe8+ Kd5 61. Qg8+ Ke5 62. Qe8+ Kd5 63. Qg8+ Kc5 64. Rb3 Qc2+ 65. Kh3 e3
66. Qf8+ Kd5 67. Qf7+ Kc5 68. Qf8+ Kd5 69. Qg8+ Ke5 70. Qe8+ Kxf5 71. Qd7+ Ke4
72. Qg4+ Kd5 73. Qg8+ Ke5 74. Qe8+ Re6 75. Qb8+ Ke4 76. Qb7+ Qc6 77. Qh7+ Ke5
78. Rb1 Qc8 79. g4 Rc6 80. Rb7 d3 81. Re7+ Re6 82. Qf5+ Kd6 83. Rxe6+ Qxe6 84.
Qxd3+ Kc5 85. Qc3+ Kb5 86. Qd3+ Kb4 87. Qd4+ Kb3 88. Qd3+ Kb2 89. Qe2+ Kc3 90.
Qe1+ Kd3 91. Qd1+ Ke4 92. Qc2+ Kf4 93. Qa4+ Kf3 94. Qd1+ e2 0-1

[Event "Open A Caen-Alekhine 2013"]
[Site "Caen"]
[Date "????.??.??"]
[Round "3.7"]
[White "Coursaget, Nicolas"]
[Black "Thereze, Ludovic"]
[Result "1-0"]
[WhiteElo "2300"]
[BlackElo "2020"]
[PlyCount "49"]

1. d4 e6 2. Nf3 Nf6 3. c4 b6 4. g3 Ba6 5. b3 Bb4+ 6. Bd2 Bxd2+ 7. Nbxd2 d5 8.
Bg2 O-O 9. O-O Nbd7 10. Re1 Rc8 11. e4 c5 12. e5 Ng4 13. cxd5 exd5 14. Nh4 Nh6
15. Bxd5 cxd4 16. Nc4 b5 17. Nd6 Rc7 18. Qxd4 Nb6 19. Bg2 Qd7 20. Rad1 Rc2 21.
Be4 Rc7 (21... Rxa2 22. Bb1 Ra3 23. Qb4 $18) 22. Nhf5 Nxf5 23. Bxf5 Qe7 24. Bb1
Rd8 25. Nf5 1-0

[Event "Open A Caen-Alekhine 2013"]
[Site "Caen"]
[Date "????.??.??"]
[Round "3.8"]
[White "Wauquier, Mathieu"]
[Black "Bouget, Alexandre"]
[Result "0-1"]
[WhiteElo "1895"]
[BlackElo "2282"]
[PlyCount "80"]

1. e4 e5 2. Nf3 Nc6 3. Bb5 a6 4. Ba4 Nf6 5. O-O Be7 6. Re1 b5 7. Bb3 O-O 8. a4
b4 9. d3 d6 10. a5 Be6 11. Nbd2 Nd7 12. Ba4 Ncb8 13. c3 Nc5 14. Bc2 bxc3 15.
bxc3 Nb7 16. d4 Bf6 17. d5 Bg4 18. Nf1 c5 19. Ne3 Bxf3 $6 20. Qxf3 Nxa5 21. Nf5
$16 Nc4 22. Bd3 Nb6 23. Qg4 (23. Be3) 23... g6 24. Bh6 Re8 25. Re3 Kh8 26. Rh3
$2 (26. Rg3 Rg8 27. Ne3 $11) 26... gxf5 27. Qxf5 Rg8 28. Qh5 Rg6 29. Bf8 Kg8
30. Bh6 N8d7 31. f4 c4 32. Bc2 Bg7 33. Bg5 Nf6 34. Bxf6 Qxf6 35. fxe5 Qxe5 36.
Qxh7+ Kf8 37. Rf1 Rf6 38. Rb1 Nd7 39. Rb2 Qf4 40. Rb1 Qf2+ 0-1

[Event "Open A Caen-Alekhine 2013"]
[Site "Caen"]
[Date "????.??.??"]
[Round "3.9"]
[White "Priser, Patrick"]
[Black "Legky, Nikolay A"]
[Result "0-1"]
[WhiteElo "1965"]
[BlackElo "2373"]
[PlyCount "48"]

1. e4 e6 2. d4 d5 3. Nd2 a6 4. Ngf3 Nf6 5. e5 Nfd7 6. Bd3 c5 7. c3 Nc6 8. O-O
g5 9. h3 h5 10. g4 hxg4 11. hxg4 Qb6 12. Qb3 Qa7 13. c4 Nxd4 14. Nxd4 cxd4 15.
Nf3 Nc5 16. Qc2 Nxd3 17. Qxd3 dxc4 18. Qxc4 Be7 19. Nxd4 Rh4 20. Be3 Rxg4+ 21.
Kh2 Qb8 22. f4 gxf4 23. Bxf4 Rxf4 24. Rxf4 Qxe5 0-1

[Event "Open A Caen-Alekhine 2013"]
[Site "Caen"]
[Date "????.??.??"]
[Round "3.10"]
[White "Leconte, Maria"]
[Black "Chaplain, Fabrice"]
[Result "1/2-1/2"]
[WhiteElo "2270"]
[BlackElo "2109"]
[PlyCount "100"]

1. d4 Nf6 2. Bg5 g6 3. Bxf6 exf6 4. e3 Bg7 5. Bd3 f5 6. Ne2 d6 7. O-O O-O 8.
Nd2 Nd7 9. c3 Re8 10. Qc2 Nf6 11. Nf4 Bd7 12. b4 Bc6 13. Qb3 b6 14. Bc4 Qe7 15.
Nd5 Nxd5 16. Bxd5 Bxd5 17. Qxd5 a5 18. b5 Bh6 19. g3 Bg7 20. a4 h5 21. h4 Rad8
22. c4 Qe6 23. Qf3 Qf6 24. Rac1 Bh6 25. Nb3 Re4 26. Rc3 Rde8 27. Nd2 R4e7 28.
Rd3 Kh7 29. Rc1 Re6 30. Nb1 f4 31. gxf4 Qxh4 32. Nc3 g5 33. f5 g4 34. Qh1 Qxh1+
35. Kxh1 Rf6 36. Nd5 Rxf5 37. Rc2 h4 38. Nxc7 Rc8 39. e4 Rxf2 40. Rxf2 Rxc7 41.
c5 dxc5 42. d5 Kg6 43. e5 Bg7 44. e6 fxe6 45. dxe6 Bd4 46. Rf4 Re7 47. Rxg4+
Kf5 48. Rxh4 Rxe6 49. Kg2 Ke5 50. Rh5+ Ke4 1/2-1/2

[Event "Open A Caen-Alekhine 2013"]
[Site "?"]
[Date "2013.11.01"]
[Round "3.14"]
[White "Perrot, Pierre"]
[Black "Guliyev, Namig"]
[Result "1-0"]
[WhiteElo "1913"]
[BlackElo "2559"]
[Annotator "CROUTTE,Stéphane"]
[PlyCount "169"]
[EventDate "2013.11.01"]
[SourceDate "2013.11.01"]

1. c4 e5 2. Nc3 Nf6 3. Nf3 Nc6 4. d3 Bc5 5. g3 O-O 6. Bg2 h6 7. O-O d6 8. e3
Bb6 9. b3 Be6 10. Bb2 Qd7 11. Re1 Bg4 12. Qd2 Rae8 13. a3 Ne7 14. Qc2 Ng6 15.
Nd2 c6 16. Nce4 Nxe4 17. Nxe4 f5 18. Nd2 d5 19. cxd5 cxd5 20. d4 Rc8 21. Qb1 e4
22. Rc1 Ne7 23. Qa2 g5 24. Rxc8 Rxc8 25. Rc1 Rf8 26. a4 f4 27. Ba3 Bd8 28. b4
Kg7 29. Qc2 Rf7 30. b5 f3 31. Bf1 b6 32. Qd1 Nf5 33. Rc3 h5 34. Qb1 h4 35. Nxe4
dxe4 36. Qxe4 Nh6 37. Rc6 Rf6 38. d5 Bf5 39. Qxf3 Bg4 40. Qe4 Bf3 41. Qd4 Nf5
42. Qd3 Qxd5 43. Qxd5 Bxd5 44. Rc8 Be7 45. Bb2 Kf7 46. Bxf6 Kxf6 47. Rc7 Bb4
48. Bc4 Bd6 49. Rc8 Bxc4 50. Rxc4 Bc5 51. gxh4 Nxh4 52. a5 Nf3+ 53. Kg2 Ne5 54.
Ra4 bxa5 55. Rxa5 Nc4 56. Ra2 Bb6 57. Ra4 Nd6 58. Rb4 Bc5 59. Rb1 Kf5 60. Rc1
Bb6 61. Rd1 Ke6 62. Rb1 Kd5 63. Kf3 Kc5 64. Kg4 Bd8 65. f4 gxf4 66. exf4 Nxb5
67. h4 a5 68. Ra1 Kb4 69. h5 Bf6 70. Rb1+ Kc4 71. Kf5 Bd4 $4 (71... Bh8 72. Kg6
a4 73. f5 a3 74. f6 Nd6 $11 {[%csl Gh8]}) 72. Kg6 a4 73. f5 a3 74. f6 Nc7 75.
Rc1+ Bc3 76. h6 Ne6 77. h7 Nf8+ 78. Kg7 Nxh7 79. Kxh7 Kd3 80. f7 Bb4 81. Kg8
Kd2 82. Rc4 Be7 83. f8=Q Bxf8 84. Kxf8 Kd3 85. Ra4 1-0

[Event "Open A Caen-Alekhine 2013"]
[Site "Caen"]
[Date "????.??.??"]
[Round "4.1"]
[White "Shchekachev, Andrei"]
[Black "Godart, Francois"]
[Result "1-0"]
[WhiteElo "2517"]
[BlackElo "2364"]
[PlyCount "89"]

1. Nf3 d6 2. d4 f5 3. g3 Nf6 4. Bg2 g6 5. b4 Bg7 6. Bb2 Nc6 7. b5 Na5 8. Nbd2
d5 9. O-O O-O 10. c4 Nxc4 11. Nxc4 dxc4 12. Ne5 Ne4 13. Qc2 Be6 14. Nxc4 a6 15.
a4 axb5 16. axb5 Rxa1 17. Bxa1 Qd5 18. Nd2 Qxb5 19. Nxe4 fxe4 20. Qxe4 Qd7 21.
Qxb7 Bxd4 22. Bxd4 Qxd4 23. Qxc7 Qf6 24. h4 Kg7 25. Bf3 Rc8 26. Qa7 Rd8 27. Rb1
Rd7 28. Qe3 Bd5 29. Rb4 Bxf3 30. exf3 e6 31. Kg2 Re7 32. Rf4 Qb2 33. h5 e5 34.
h6+ Kg8 35. Qc5 Qb7 36. Qc4+ Rf7 37. Rxf7 Qxf7 38. Qc8+ Qf8 39. Qe6+ Kh8 40.
Qxe5+ Kg8 41. Qd5+ Kh8 42. Qg5 Kg8 43. g4 Kh8 44. Qe5+ Kg8 45. g5 1-0

[Event "Open A Caen-Alekhine 2013"]
[Site "Caen"]
[Date "????.??.??"]
[Round "4.2"]
[White "Vuilleumier, Alexandre"]
[Black "Colin, Vincent"]
[Result "1-0"]
[WhiteElo "2325"]
[BlackElo "2412"]
[PlyCount "105"]

1. e4 c5 2. Nf3 g6 3. d4 cxd4 4. Nxd4 Nf6 5. Nc3 d6 6. Be3 Bg7 7. f3 O-O 8. Qd2
Nc6 9. O-O-O d5 10. exd5 Nxd5 11. Nxc6 bxc6 12. Bd4 Bxd4 13. Qxd4 Qb6 14. Na4
Qa5 15. b3 Qc7 16. h4 e5 17. Qc5 Be6 18. h5 g5 19. Bc4 Rad8 20. Bxd5 Bxd5 21.
c4 Be6 22. g3 h6 23. Nc3 f5 24. Kb2 Bf7 25. g4 Qb6 26. Na4 Qxc5 27. Nxc5 Rxd1
28. Rxd1 e4 29. fxe4 fxg4 30. Nd7 Rc8 31. Nf6+ Kf8 32. Rg1 Kg7 33. e5 Rd8 34.
Kc3 c5 35. Rxg4 Be6 36. Rg2 Rd4 37. Rd2 Rh4 38. Rd6 Kf7 39. Ra6 Bf5 40. Nd5
Rh3+ 41. Kd2 Bg4 42. Rf6+ Kg7 43. Rg6+ Kf7 44. e6+ Bxe6 45. Rf6+ Kg7 46. Rxe6
Rxh5 47. Ke3 Rh3+ 48. Ke4 Rh2 49. Ra6 g4 50. Kf4 h5 51. Rxa7+ Kf8 52. Nf6 Rf2+
53. Kg5 1-0

[Event "Open A Caen-Alekhine 2013"]
[Site "Caen"]
[Date "????.??.??"]
[Round "4.3"]
[White "Bouget, Alexandre"]
[Black "Bruned, Yvain"]
[Result "1/2-1/2"]
[WhiteElo "2282"]
[BlackElo "2374"]
[PlyCount "41"]

1. d4 Nf6 2. c4 e6 3. Nc3 Bb4 4. e3 O-O 5. Bd3 d5 6. Nf3 c5 7. O-O cxd4 8. exd4
dxc4 9. Bxc4 b6 10. a3 Be7 11. d5 exd5 12. Nxd5 Bb7 13. Nxe7+ Qxe7 14. Bg5 Nbd7
15. Re1 Qc5 16. Qd4 Rac8 17. Bxf6 Nxf6 18. Qxc5 Rxc5 19. Ne5 Bd5 20. Bxd5 Rxd5
21. Rad1 1/2-1/2

[Event "Open A Caen-Alekhine 2013"]
[Site "Caen"]
[Date "????.??.??"]
[Round "4.4"]
[White "Jolly, Jean-Francois"]
[Black "Coursaget, Nicolas"]
[Result "1-0"]
[WhiteElo "2375"]
[BlackElo "2300"]
[Annotator "CROUTTE,Stéphane"]
[PlyCount "81"]

1. e4 Nf6 2. e5 Nd5 3. d4 d6 4. c4 Nb6 5. exd6 cxd6 6. Nc3 g6 7. Be3 Bg7 8. Rc1
O-O 9. b3 Nc6 10. d5 Ne5 11. Be2 f5 12. f4 Nf7 13. Nf3 Nd7 14. Nd4 Nf6 15. h3
Qa5 16. O-O Re8 17. Bf3 Rb8 18. Qd3 Kh8 19. Rb1 Ne5 20. fxe5 dxe5 21. Rbe1 exd4
22. Bxd4 Bd7 23. Re2 b5 24. Rfe1 bxc4 25. bxc4 Qa3 26. Kh1 Kg8 27. Qd2 Qb4 28.
c5 Ne4 29. Nxe4 Bxd4 30. c6 fxe4 31. Qxb4 Rxb4 32. cxd7 Rd8 33. Bg4 e3 34. Be6+
Kg7 35. Rf1 Kh6 36. Rd1 Rf8 37. Rxd4 Rxd4 38. Rxe3 Ra8 39. Rf3 Ra4 40. Kh2 a5
41. Rf7 {Temps} (41. Rf7 Rd8 42. Rxe7 {[%cal Ye7e8]} Rb4 43. g4 $16) 1-0

[Event "Open A Caen-Alekhine 2013"]
[Site "Caen"]
[Date "????.??.??"]
[Round "4.5"]
[White "Legky, Nikolay A"]
[Black "Perrot, Pierre"]
[Result "1-0"]
[WhiteElo "2373"]
[BlackElo "1913"]
[Annotator "CROUTTE,Stéphane"]
[PlyCount "73"]

1. b3 e5 2. Bb2 Nc6 3. e3 d6 4. Nf3 Nf6 5. d4 exd4 6. Nxd4 Nxd4 7. Qxd4 Be7 8.
c4 O-O 9. Nc3 Be6 10. Rd1 Nd7 11. Nd5 Bf6 12. Nxf6+ Qxf6 13. Qxf6 Nxf6 14. Bxf6
gxf6 15. Be2 a5 16. Kd2 a4 17. b4 a3 18. Kc3 b5 19. Rd4 Rfc8 (19... Rfb8) 20.
cxb5 c5 (20... Bxa2 21. Bc4 Bxc4 22. Rxc4 Rab8 23. Ra1 Rxb5 24. Rxa3 $14) 21.
bxc6 (21. Rxd6 Ra4 22. Rxe6 fxe6 23. bxc5 Rxc5+) 21... Rxc6+ 22. Kd2 Rac8 23.
Bd3 Bxa2 24. Ra1 Bc4 25. Rxa3 Bxd3 26. Kxd3 Rc2 27. Rf4 Kg7 28. Rb3 d5 29. b5
R2c4 30. b6 Rxf4 31. exf4 Kf8 32. b7 Rb8 33. Kd4 Ke7 34. Kxd5 Kd7 35. f5 h6 36.
Kc5 Kc7 37. g4 1-0

[Event "Open A Caen-Alekhine 2013"]
[Site "Caen"]
[Date "????.??.??"]
[Round "4.6"]
[White "Benard, Anne-Laurie"]
[Black "Sadikhov, Ulvi"]
[Result "0-1"]
[WhiteElo "1930"]
[BlackElo "2241"]
[Annotator "CROUTTE,Stéphane"]
[PlyCount "62"]

1. e4 c5 2. Nc3 d6 3. Nf3 Nf6 4. Bb5+ Bd7 5. Bxd7+ Nbxd7 6. O-O g6 7. d3 Bg7 8.
Bf4 O-O 9. Qd2 Re8 10. Bg5 Qb6 11. Rab1 Qc6 12. Ne1 d5 13. Qf4 d4 14. Ne2 e5
15. Qh4 Qa6 16. a3 Rac8 17. f4 Nxe4 18. Nf3 Nxg5 19. Nxg5 h6 20. Ne4 f5 21.
N4g3 Nf6 22. fxe5 Rxe5 23. b4 b6 24. bxc5 bxc5 25. Qf4 Rce8 26. Rb8 Qe6 27.
Rxe8+ Qxe8 28. Rb1 Kh7 29. Qd2 Qe7 30. h3 h5 31. Qg5 Bh6 (31... Bh6 32. Qh4 g5
$19) 0-1

[Event "Open A Caen-Alekhine 2013"]
[Site "Caen"]
[Date "????.??.??"]
[Round "4.7"]
[White "Leconte, Maria"]
[Black "Bourdonnais, Loic"]
[Result "1/2-1/2"]
[WhiteElo "2270"]
[BlackElo "2193"]
[PlyCount "107"]

1. e4 g6 2. d4 Bg7 3. Nc3 d6 4. Be3 c6 5. Qd2 b5 6. Bd3 Nd7 7. Nf3 Bb7 8. O-O
Ngf6 9. Bh6 O-O 10. Bxg7 Kxg7 11. e5 Ne8 12. e6 fxe6 13. Ng5 Nc7 14. f4 h6 15.
Nf3 b4 16. Ne2 Ba6 17. Nh4 Bxd3 18. Qxd3 Qe8 19. Rf3 Rf6 20. g4 g5 21. Ng2 Qg6
22. Qd2 h5 23. Rg3 h4 24. Rh3 Raf8 25. fxg5 $2 $19 (25. Re1) 25... Rf2 26. Nxh4
Qe4 27. Ng3 Rxd2 28. Nxe4 Rxd4 29. Re1 Rf4 $2 (29... Ne5 $19 {[%csl Yg4][%cal
Ye5f3]}) 30. Ng3 Rxg4 31. Nhf5+ exf5 32. Rxe7+ Kg6 33. Rxd7 f4 34. Rxc7 fxg3
35. hxg3 Rd2 36. Rh6+ Kxg5 37. Rg7+ Kxh6 38. Rxg4 Rxc2 39. Rxb4 Kg5 40. a4 d5
41. Kf1 a5 42. Rb8 Kg4 43. Ke1 Kxg3 44. Kd1 Rc5 45. Kd2 Kf4 46. Kd3 Ke5 47. b3
Rc1 48. Re8+ Kd6 49. Ra8 Kc5 50. Kd2 Ra1 51. Rxa5+ Kb4 52. Ra6 Kxb3 53. Rxc6
Rxa4 54. Kd3 1/2-1/2

[Event "Open A Caen-Alekhine 2013"]
[Site "Caen"]
[Date "????.??.??"]
[Round "4.8"]
[White "Waquet, Frederic"]
[Black "Villegas, Pierre"]
[Result "0-1"]
[WhiteElo "1971"]
[BlackElo "2253"]
[Annotator "CROUTTE,Stéphane"]
[PlyCount "58"]

1. e4 c6 2. d4 d5 3. Nd2 dxe4 4. Nxe4 Nd7 5. Ng5 Ngf6 6. Bd3 e6 7. Qe2 Bd6 8.
N1f3 h6 9. Ne4 (9. Nxe6 fxe6 10. Bg6+ Ke7 11. O-O $15) 9... Nxe4 10. Bxe4 O-O
11. O-O Nf6 12. Bd3 c5 13. c3 b6 14. Ne5 Bb7 15. Bd2 cxd4 16. cxd4 Rc8 17. Rac1
Rxc1 18. Rxc1 Bb8 19. Bc3 Qd5 20. f3 Rc8 21. Rd1 Qd6 22. g3 Nd5 23. Qe4 f5 24.
Qe1 Nxc3 25. bxc3 Qd5 26. Be2 Bxe5 27. dxe5 Qxe5 28. Rd7 Bxf3 29. Kf2 Rxc3 0-1

[Event "Open A Caen-Alekhine 2013"]
[Site "Caen"]
[Date "????.??.??"]
[Round "4.10"]
[White "Marie, Maxime"]
[Black "Kohler, Paul"]
[Result "1-0"]
[WhiteElo "2184"]
[BlackElo "1935"]
[PlyCount "67"]

1. c4 g6 2. g3 Bg7 3. Bg2 c5 4. Nc3 Nc6 5. e3 d6 6. Nge2 Bg4 7. h3 Bxe2 8. Nxe2
Qb6 9. O-O Nh6 10. Rb1 O-O 11. a3 a5 12. b3 e6 13. Bb2 Nf5 14. Bxg7 Kxg7 15.
Nc3 Rfd8 16. Qc2 Rd7 17. Rfd1 f6 18. d3 Rf8 19. Rd2 h5 20. Rbd1 g5 21. Be4 Nfe7
22. d4 cxd4 23. exd4 Qc7 24. d5 exd5 25. Bxd5 Ne5 26. Bg2 d5 27. Nxd5 Qc5 28.
Nxe7 Rxe7 29. a4 g4 30. Rd5 Qc8 31. h4 Nf3+ 32. Bxf3 gxf3 33. Qf5 Re5 34. Rd7+
1-0

[Event "Open A Caen-Alekhine 2013"]
[Site "Caen"]
[Date "2013.11.02"]
[Round "5.1"]
[White "Vuilleumier, Alexandre"]
[Black "Shchekachev, Andrei"]
[Result "1/2-1/2"]
[WhiteElo "2325"]
[BlackElo "2517"]
[PlyCount "34"]
[EventDate "2013.??.??"]

1. e4 c5 2. Nf3 d6 3. c3 Nf6 4. h3 g6 5. Bd3 Bg7 6. O-O O-O 7. Bc2 e5 8. d4
exd4 9. cxd4 cxd4 10. Nxd4 Nc6 11. Nxc6 bxc6 12. Nc3 d5 13. Bg5 h6 14. Bh4 g5
15. Bg3 Nxe4 16. Nxe4 dxe4 17. Bxe4 Qxd1 (17... Qxd1 18. Raxd1 Bxb2 19. Bxc6
Ba6 20. Rfe1 Rac8 $14) 1/2-1/2

[Event "Open A Caen-Alekhine 2013"]
[Site "Caen"]
[Date "2013.11.02"]
[Round "5.2"]
[White "Bruned, Yvain"]
[Black "Jolly, Jean-Francois"]
[Result "1/2-1/2"]
[WhiteElo "2374"]
[BlackElo "2375"]
[PlyCount "53"]

1. e4 e5 2. Nf3 Nc6 3. Bb5 a6 4. Bxc6 dxc6 5. Nc3 Qd6 6. d4 exd4 7. Qxd4 Bg4 8.
Be3 Bxf3 9. gxf3 Qxd4 10. Bxd4 O-O-O 11. O-O-O f6 12. h4 Bd6 13. Be3 Ne7 14. h5
g5 15. hxg6 hxg6 16. Ne2 c5 17. Nf4 b6 18. b3 Rdg8 19. Nd3 Nc6 20. Rdg1 g5 21.
f4 gxf4 22. Rxg8+ Rxg8 23. Bxf4 Rg4 24. Bxd6 cxd6 25. Rh6 Rxe4 26. Rxf6 Kd7 27.
Rf7+ 1/2-1/2

[Event "Open A Caen-Alekhine 2013"]
[Site "Caen"]
[Date "2013.11.02"]
[Round "5.3"]
[White "Sadikhov, Ulvi"]
[Black "Legky, Nikolay A"]
[Result "1/2-1/2"]
[WhiteElo "2241"]
[BlackElo "2373"]
[PlyCount "53"]

1. e4 e6 2. d4 d5 3. Nc3 Bb4 4. e5 c5 5. Bd2 Nh6 6. Nb5 Bxd2+ 7. Qxd2 O-O 8.
Nf3 Nc6 9. dxc5 b6 10. cxb6 Qxb6 11. Bd3 Ng4 12. Qe2 Qb8 13. O-O-O Ncxe5 14.
Nxe5 Nxe5 15. Nd4 Nxd3+ 16. Qxd3 e5 17. Nb3 a5 18. Qxd5 Be6 19. Qd6 a4 20. Qxb8
Rfxb8 21. Nc5 Bxa2 22. Rd3 Rc8 23. Rc3 Bd5 24. f3 f6 25. Rd1 Bc6 26. Rd6 Be8
27. Ne4 1/2-1/2

[Event "Open A Caen-Alekhine 2013"]
[Site "Caen"]
[Date "2013.11.02"]
[Round "5.4"]
[White "Colin, Vincent"]
[Black "Bouget, Alexandre"]
[Result "1/2-1/2"]
[WhiteElo "2412"]
[BlackElo "2282"]
[Annotator "CROUTTE,Stéphane"]
[PlyCount "122"]
[EventDate "2013.??.??"]

1. e4 e5 2. Nf3 Nc6 3. Bc4 Nf6 4. d3 Be7 5. O-O O-O 6. Bb3 d6 7. c3 Na5 8. Bc2
c5 9. h3 Nc6 10. Nbd2 Re8 11. Nc4 h6 12. Re1 Bf8 13. Bd2 g6 14. a4 Be6 15. Qc1
Kh7 16. b4 cxb4 17. cxb4 Rc8 18. b5 Nb8 19. Qb2 Bxc4 20. dxc4 Rxc4 21. Qa2 Rc7
22. Bb3 Qe7 23. Rad1 Nh5 24. g3 Qf6 25. Nh2 Rd8 26. Re3 Qg7 27. Rf3 Nf6 28. Ng4
Nxg4 29. hxg4 f6 30. Kg2 g5 31. Bb4 d5 32. Bxf8 Qxf8 33. exd5 Rd6 34. Qb1+ Kg7
35. Qe4 Qc8 36. Qb4 Rc5 37. Re3 Nd7 38. Ree1 b6 39. a5 Qb8 40. Ra1 bxa5 41.
Rxa5 a6 42. Rea1 Rxb5 43. Rxb5 axb5 44. Ra8 Qxa8 45. Qxd6 Qe8 46. Qc6 e4 47. d6
Kf8 48. Qd5 Kg7 49. Qf5 Nf8 50. Qd5 Nd7 51. Kf1 e3 52. fxe3 Ne5 53. Ke1 $2 (53.
Qb7+ Qd7 54. Qb8 Nf7 55. Qc7 Ne5 56. Be6 $3 $18) 53... Qc8 54. Kd2 b4 55. Qe6
Qc3+ 56. Kd1 Qd3+ 57. Kc1 Qxe3+ 58. Kb1 Qe1+ 59. Kc2 Qe2+ 60. Kb1 Qe1+ 61. Kc2
Qe2+ 1/2-1/2

[Event "Open A Caen-Alekhine 2013"]
[Site "Caen"]
[Date "2013.11.02"]
[Round "5.5"]
[White "Godart, Francois"]
[Black "Chaplain, Fabrice"]
[Result "1-0"]
[WhiteElo "2364"]
[BlackElo "2109"]
[Annotator "CROUTTE,Stéphane"]
[PlyCount "69"]

1. d4 Nf6 2. c4 g6 3. Nc3 Bg7 4. e4 d6 5. f4 O-O 6. Nf3 Na6 7. Bd3 e5 8. fxe5
dxe5 9. d5 Nc5 10. Bc2 a5 11. O-O Qe7 12. Qe1 Nh5 13. Bg5 f6 14. Be3 Nf4 15.
Rd1 b6 16. b3 Nb7 17. Nb5 Nd6 18. Nxd6 Qxd6 19. Qf2 Qa3 20. Bxf4 exf4 21. Nd4
Qxa2 22. Qxf4 a4 23. Rf2 Re8 24. bxa4 Qxc4 25. Bb3 Qb4 26. d6+ Kh8 27. Bd5 Qxa4
28. Rfd2 Bd7 29. Bxa8 Qxa8 30. dxc7 Rxe4 31. Qd6 Bg4 32. Qd8+ Re8 33. Qxa8 Rxa8
34. Ne6 Rg8 35. c8=Q {[%cal Yd2d8]} 1-0

[Event "Open A Caen-Alekhine 2013"]
[Site "Caen"]
[Date "2013.11.02"]
[Round "5.6"]
[White "Coursaget, Nicolas"]
[Black "Helie, Marc"]
[Result "1-0"]
[WhiteElo "2300"]
[BlackElo "2081"]
[Annotator "CROUTTE,Stéphane"]
[PlyCount "39"]
[EventDate "2013.??.??"]

1. d4 Nf6 2. Nf3 g6 3. Nc3 d5 4. Bf4 Bg7 5. e3 O-O 6. Be2 c6 7. h4 Bg4 8. Ne5
Bxe2 9. Qxe2 Nfd7 10. h5 f6 11. Nxg6 $5 (11. Nf3 $16) 11... hxg6 12. hxg6 Re8
$4 (12... f5 13. Qh5 Nf6 14. Qg5 e6 $14) 13. Rh7 (13. Qh5 $142) 13... Nf8 (
13... f5 14. Bh6 $18) 14. Qh5 e5 (14... Nxh7 15. Qxh7+ Kf8 16. Bh6 $18) 15. Bh6
Qc7 16. O-O-O Nxh7 17. Bxg7 Qxg7 18. gxh7+ Qxh7 19. Qxe8+ Kg7 20. dxe5 1-0

[Event "Open A Caen-Alekhine 2013"]
[Site "Caen"]
[Date "2013.11.02"]
[Round "5.7"]
[White "Villegas, Pierre"]
[Black "Marchadour, Emilie"]
[Result "1-0"]
[WhiteElo "2253"]
[BlackElo "2056"]
[PlyCount "43"]

1. d4 Nf6 2. c4 c5 3. d5 b5 4. cxb5 a6 5. f3 Qb6 6. e4 e6 7. Nc3 axb5 8. Bxb5
Bb7 9. Bf4 Nh5 10. Be5 Be7 11. dxe6 Qxe6 12. Bxb8 Rxb8 13. Nge2 Bg5 14. Qd3 O-O
15. Rd1 Qg6 16. Qd6 Bf6 17. g3 Bxe4 18. fxe4 Rxb5 19. Nxb5 Qxe4 20. Qd5 Qb4+
21. Nbc3 Qxb2 22. Qb3 1-0

[Event "Open A Caen-Alekhine 2013"]
[Site "Caen"]
[Date "????.??.??"]
[Round "5.10"]
[White "Roque, Gaetan"]
[Black "Leconte, Maria"]
[Result "0-1"]
[WhiteElo "1955"]
[BlackElo "2270"]
[PlyCount "54"]

1. d4 e6 2. c4 f5 3. Nc3 Nf6 4. Nf3 Bb4 5. Qc2 b6 6. g3 Bb7 7. Bg2 Be4 8. Qb3
Qe7 9. O-O Bxc3 10. bxc3 d6 11. c5 O-O 12. cxd6 cxd6 13. a4 Nc6 14. Ba3 Na5 15.
Qb4 Rfd8 16. Nd2 Bxg2 17. Kxg2 Nd5 18. Qb2 Rac8 19. Bb4 Nc4 20. Nxc4 Rxc4 21.
a5 b5 22. Qd2 a6 23. f3 Qc7 24. Ra2 Nxc3 25. Bxc3 Rxc3 26. d5 e5 27. Qg5 Rf8
0-1